Statistics for Soy Luna names

Click here to take the quiz!

General Stats

  • This quiz has been taken 79 times
  • The average score is 6 of 9

Answer Stats

Hint Answer % Correct
Jim's best friendYam
91%
the king of RollerMatteo
90%
Yam's best friendJim
88%
Luna's best friendNina
86%
the queen of RollerAmbar
84%
Felicity loverGaston
84%
Yam's boyfriendRamiro
83%
Ambar's friends(2)Delfi and jasmin
12%
Boys of Roller Band(3)Simon,pedro and Nico
12%

Score Distribution

Percentile by Number Answered

Percent of People with Each Score

Your Score History

You have not taken this quiz